00700nam a2200193 i 450000100060000000300090000600500170001500700030003200800410003510000380007624500730011426000340018730000220022149000420024383000500028585200320033599900170036795201220038469879ES-MaACL20230906170639.0t|040713s1965 sp ||||1| spa d1 aGarcía López, Jesús.95484213aEl valor de la verdad y otros estudios / cJesús García López. a[Madrid] : bGredos, c[1965] a311 p. ; c20 cm.1 aBiblioteca hispánica de filosofía0 aBiblioteca hispánica de filosofía9181000 aES-MaACLjC-28795 bR.58092 c69879d69879 00104070aATENEOMbATENEOMcDEPO2d2008-01-17eSCl0oC-28795p1073174r2023-02-23 00:00:00w2023-02-23yMONOGRAFIA